000 00307nam a2200133Ia 4500
008 191201s2013 xx 000 0 und d
100 _aHIBBELER, R.C
245 0 _aStructural Analysis
250 _a8th IMP
260 _aN. Delhi
_bPearson
_c2013
300 _a640
650 _aB.Tech(CE)
942 _2ddc
_cBK
999 _c5284
_d5284